| 000 | 00483nab a22001457 4500 | ||
|---|---|---|---|
| 003 | ES-SlBCS | ||
| 005 | 20210327224227.0 | ||
| 008 | 190110s2018 it ||||| |||| 00| 0 ita d | ||
| 040 |
_aES-SlBCS _bspa |
||
| 041 | _aita | ||
| 100 | 1 |
_aMicallef, Réné M. _9107278 |
|
| 245 | 1 | 0 |
_aMigrazione "cattiva"? Migrazione di "gente cattiva"? Introduzione al Dossier _cRené M. Micallef, S.I. |
| 773 | 0 |
_gVol. 99, fasc. 4, 2018, págs. 811-826 _tGregorianum _wRev219 _x0017-4114 |
|
| 942 |
_2lcc _cAR |
||
| 999 |
_c477738 _d477738 |
||